000
00255nam a22001097a 4500
008
240610b |||||||| |||| 00| 0 eng d
100
_a
Nirmal, Bhegraj
_9
15211
245
_a
Kam jo sacho vdhae
260
_c
1908
_b
Arthur Pub.
300
_a
32p
942
_c
BK
999
_c
39465
_d
39465